000 00209nam a2200097Ia 4500
008 240331s9999 xx 000 0 und d
082 _bASO
100 _aAsoka, M
245 0 _aSirakodintha paravaikal
942 _cL
999 _c3997
_d3997